000 00948nam a2200265 i 4500
001 186367
003 SpMaBN
005 20250806034447.0
008 161031s1985 sp |||| |dspa d
020 _a84-395-0006-8
080 _a176
100 1 _aReich, Wilhelm.
_995949
245 1 3 _aLa revolución sexual
_b: para una estructura de carácter autónoma del hombre /
_cWilhelm Reich ; [traducción de Sergio Moratiel].
250 _a1ª ed. en esta colección.
260 _aBarcelona :
_bPlaneta-Agostini,
_c1985.
300 _aXI, 274 p. ;
_c19 cm.
490 1 _aObras maestras del pensamiento contemporáneo ;
_v6
500 _aCronología.
504 _aBibliografía: p. X-XI.
650 7 _aÉtica sexual
_2embne
_912591
700 1 _aMoratiel, Sergio.
_983156
830 0 _aObras maestras del pensamiento contemporáneo ;
_v6
_9192536
852 _aES-MaACL
_jL-30734
_z. - Donat. Miguel A. Velasco
999 _c186367
_d186367